00492nam a2200193 a 4500001001300000003000900013005001700022008004100039020001000080082001600090100002200106245002600128260004800154300000900202500003500211505001000246650002000256700002200276nice12345678IN_TiNIC20260116011358.0050524s1962 dela grp 000 0 urd  ac1.500a297.2bISL6 aIslahi, Sadruddin aIslam Aur Ijtemaiyyat aDelhibMarkazi Maktaba Jamat-E-Islamic1962 a159p aincludes index and biblioraphy2 aTable aIslam-Doctrines1 aIslahi, Sadruddin